Statistics for Biggest Trading Partners - Japan

Click here to take the quiz!

General Stats

  • This quiz has been taken 988 times
  • The average score is 19 of 22

Answer Stats

exportsimportscountry% Correct
146 bil157 bilChina
100%
131 bil69.2 bilUnited States
100%
46.2 bil25.0 bilSouth Korea
97%
10.2 bilFrance
96%
17.7 bil22.0 bilGermany
96%
13.7 bilUnited Kingdom
96%
14.1 bil30.4 bilAustralia
94%
8.2 bilIndia
94%
9.2 bilCanada
93%
11.3 bilRussia
93%
11.3 bil18.2 bilIndonesia
92%
39.3 bil23.0 bilTaiwan
91%
13.0 bil16.2 bilVietnam
91%
27.4 bil20.1 bilThailand
90%
12.1 bil17.3 bilMalaysia
85%
10.7 bilMexico
85%
19.8 bilSingapore
84%
10.3 bilPhilippines
81%
19.6 bilSaudi Arabia
77%
17.3 bilUnited Arab Emirates
69%
11.8 bilNetherlands
68%
10.9 bilQatar
46%

Score Distribution

Percentile by Number Answered

Percent of People with Each Score

Your Score History

You have not taken this quiz